Представление документа в формате RUSMARC

ПолеНазваниеЗначение
  Тип записи a
  Библиографический уровень c
001 Контрольный номер RU/SLIB/B/208781644
005 Дата корректировки 20201206204344.5
010 Индекс ISBN __
d Цена 0-73
101 Язык документа __
a Язык текста rus
200 Заглавие и сведения об ответственности 0_
a Заглавие Императрица Фике
f Первые сведения об ответственности В. Н. Иванов ; худож. А. Белюкин
b Общее обозначение материала Текст
210 Выходные данные __
a Место издания М.
c Издательство Совет. Россия
d Дата издания 1977
215 Физическое описание __
a Объем 397 с.
c Иллюстрации/тип воспроизводства ил.
327 Примечание о содержании __
a Примечание о содержании Иван Третий
330 Аннотация __
a Аннотация В книгу вошли три повести на сюжеты русской истории XVI-XVIII вв.
600 Персоналии __
a Персоналии (Фамилия) Иван
600 Персоналии __
a Персоналии (Фамилия) Петр
600 Персоналии __
a Персоналии (Фамилия) Петр Великий
600 Персоналии __
a Персоналии (Фамилия) Екатерина
600 Персоналии __
a Персоналии (Фамилия) Екатерина Великая
606 Тематические рубрики __
a Основная рубрика Художественная литература
z Хронологическая подрубрика 16 в.; 17 в.; 18 в.; 20 в.
y Географическая подрубрика Россия
606 Тематические рубрики __
a Основная рубрика Русская литература XX в. (произведения)
610 Ключевые слова __
a Ключевые слова прозаики; проза; повести; императоры; императрицы; исторические деятели; исторические повести; цари; персоналии
686 Индексы других классификаций __
a Классификационный индекс 84(2Рос=Рус)6-4
700 Автор _1
a Фамилия Иванов
b Имя В. Н.
4 Код отношения 070
702 Вторичная интеллектуальная ответственность _1
a Фамилия Белюкин
b Имя А.
4 Код отношения Художник
4 Код отношения 040
801 Источник записи _0
a Страна RU
b Организация Муниципальное бюджетное учреждение культуры "Централизованная библиотечная система" г. Сургут (Центральная городская библиотека им. А. С. Пушкина)
g Правила каталогизации КиК/Чорнонос Е.В.
801 Источник записи _1
a Страна RU
b Организация Муниципальное бюджетное учреждение культуры "Централизованная библиотечная система" г. Сургут (Центральная городская библиотека им. А. С. Пушкина)
g Правила каталогизации КиК/Чорнонос Е.В.
852 Данные о местонахождении __
j Шифр хранения 84(2Рос=Рус)6-4
i Авторский знак И 20
p Инвентарный номер 83879(с)
901 Тип документа 1_
t Тип документа x
969 Тип издания __
a Тип издания сборник
990 Данные о заказе (DOS) __
j Количество экземпляров (DOS) 1
t N записи в КСУ для И/У (DOS) ретро